书目信息 |
| 题名: |
废旧塑料回收与再生入门
|
|
| 作者: | 刘寿华 , 边柿立 编著 | |
| 分册: | ||
| 出版信息: | 杭州 浙江科学技术出版社 2002.01 |
|
| 页数: | 295页 | |
| 开本: | 18cm | |
| 丛书名: | 塑料加工入门丛书 | |
| 单 册: | ||
| 中图分类: | X783.205 | |
| 科图分类: | ||
| 主题词: | 塑料--su liao--废物回收 , 塑料--su liao--废物综合利用 | |
| 电子资源: | ||
| ISBN: | 7-5341-1268-0 | |
| 000 | 00996nam 2200265 450 | |
| 001 | 012007842816 | |
| 005 | 20070930160206.65 | |
| 010 | @a7-5341-1268-0@dCNY14.00 | |
| 100 | @a20070804d2002 km y0chiy0120 ea | |
| 101 | 0 | @achi |
| 102 | @aCN@b330000 | |
| 105 | @aa z 000yy | |
| 200 | 1 | @a废旧塑料回收与再生入门@Afei jiu su liao hui shou yu zai sheng ru men@f刘寿华, 边柿立编著@Fliu shou hua,bian shi li bian zhu |
| 210 | @a杭州@c浙江科学技术出版社@d2002.01 | |
| 215 | @a295页@c图@d18cm | |
| 225 | 2 | @a塑料加工入门丛书@Asu liao jia gong ru men cong shu |
| 330 | @a本书简要介绍废旧塑料回收再生利用的前期处理,包括分离、清洗、干燥、配料、造粒、成型等,着重介绍废旧塑料的四级回收,尤其是化学回收和能量回收等。 | |
| 410 | 0 | @12001 @a塑料加工入门丛书 |
| 606 | 0 | @a塑料@Asu liao@x废物回收 |
| 606 | 0 | @a塑料@Asu liao@x废物综合利用 |
| 690 | @aX783.205@v4 | |
| 701 | 0 | @a刘寿华@Aliu shou hua@4编著 |
| 701 | 0 | @a边柿立@Abian shi li@4编著 |
| 801 | 0 | @aCN@c20070930 |
| 905 | @dX783.205@eL672 | |
| 废旧塑料回收与再生入门/刘寿华, 边柿立编著.-杭州:浙江科学技术出版社,2002.01 |
| 295页:图;18cm.-(塑料加工入门丛书) |
| ISBN 7-5341-1268-0:CNY14.00 |
| 本书简要介绍废旧塑料回收再生利用的前期处理,包括分离、清洗、干燥、配料、造粒、成型等,着重介绍废旧塑料的四级回收,尤其是化学回收和能量回收等。 |
| ● |
| 相关链接 |
|
|
|
正题名:废旧塑料回收与再生入门
索取号:X783.205/L672
 
预约/预借
| 序号 | 登录号 | 条形码 | 馆藏地/架位号 | 状态 | 备注 |
| 1 | 255862 | 202558623 | 自科库501/501自科库 110排2列6层/ [索取号:X783.205/L672] | 在馆 | |
| 2 | 255863 | 202558632 | 自科库501/501自科库 110排2列6层/ [索取号:X783.205/L672] | 在馆 | |
| 3 | 255864 | 202558641 | 期刊室512/501自科库 110排2列6层/ [索取号:X783.205/L672] | 在馆 |